000 00459nam a2200169Ia 4500
008 230711s9999||||xx |||||||||||||| ||und||
020 _a978-81-318-0815-3
041 _aENG
082 _a620.106
_bBA-F
100 _aBansal ,R.K
245 2 _aA textbook of fluid mechanics and hydraulic machines s.i.units
250 _a9th Ed.
260 _c2012
_aNew Delhi
_bLaxmi Publications(P) Ltd
300 _a1102
650 _aMechanical Engineering
942 _cBK
999 _c4928
_d4928